ALTERNATE DISPUTE RESOLUTION MECHANISM ROLE OF LEGAL AID IN THE SETTLEMENT OF DISPUTE (Record no. 34038)

MARC details
000 -LEADER
fixed length control field 00296nam a22001217a 4500
003 - CONTROL NUMBER IDENTIFIER
control field SGT
082 ## - DEWEY DECIMAL CLASSIFICATION NUMBER
Classification number 347.09
Item number SIN
100 ## - MAIN ENTRY--PERSONAL NAME
Personal name SINGH SURABHI
245 ## - TITLE STATEMENT
Title ALTERNATE DISPUTE RESOLUTION MECHANISM ROLE OF LEGAL AID IN THE SETTLEMENT OF DISPUTE
260 ## - PUBLICATION, DISTRIBUTION, ETC. (IMPRINT)
Year of Publication 2020
300 ## - PAGE DESCRIPTION
No. of Pages 129
942 ## - ADDED ENTRY ELEMENTS (KOHA)
Source of classification or shelving scheme Dewey Decimal Classification
Koha item type Thesis/Dissertation
Holdings
Withdrawn status Lost status Source of classification or shelving scheme Damaged status Not for loan Collection code Home library Current library Date acquired SGTU Total Checkouts Full call number Accession No. (Barcode) Date last seen Bill Date Koha item type
    Dewey Decimal Classification   Not For Loan LAW SGT Science & Social Sciences Library SGT Science & Social Sciences Library 07/02/2026 SGTU   347.09 SIN DT2555 07/02/2026 07/02/2026 Thesis/Dissertation